| 000 | 00784nmc a2200301 a 4500 | ||
|---|---|---|---|
| 003 | AR-BaBNM | ||
| 005 | 20251128203013.0 | ||
| 008 | 206019s1982 ||||||||||||||000 | spa|| | ||
| 020 | _a968-823-109-6 | ||
| 040 | _cAR-BaBNM | ||
| 100 | 1 | _aWiener, Norbert | |
| 245 | 1 | 0 |
_aEx prodigio _bmi infancia y juventud |
| 260 |
_aMéxico, D.F. _bConsejo Nacional de Ciencia y Tecnología _c1982 |
||
| 300 | 0 | _a327 p. | |
| 490 | 0 | _aCiencia y desarrollo | |
| 650 | 4 | _aBIOGRAFIAS | |
| 650 | 4 | _aMATEMATICA | |
| 650 | 4 | _aHISTORIA DE LAS CIENCIAS | |
| 650 | 4 | _aGENEALOGIA | |
| 650 | 4 | _aJUDIOS | |
| 650 | 4 | _aVIDA COTIDIANA | |
| 650 | 4 | _aCIBERNETICA | |
| 651 | 4 | _aEstados Unidos | |
| 655 | _aBIOGRAFIAS | ||
| 700 | 1 |
_aPettersson, Aline _etraductor |
|
| 942 | _cBK | ||
| 998 | _cEnrique | ||
| 999 |
_c1467 _d1467 |
||